University Home | Library Home | Institutional Repository

Musculoskeletal Medicine/ (Record no. 110937)

MARC details
000 -LEADER
fixed length control field 00637cam a2200193 4500
008 - FIXED-LENGTH DATA ELEMENTS--GENERAL INFORMATION
fixed length control field 090402n 000 0 eng u
020 ## - INTERNATIONAL STANDARD BOOK NUMBER
International Standard Book Number 0892032944
035 ## - SYSTEM CONTROL NUMBER
System control number (Sirsi) a164647
040 ## - CATALOGING SOURCE
Original cataloging agency CIP
050 ## - LIBRARY OF CONGRESS CALL NUMBER
Classification number RC 925 MUS 2003.
245 ## - TITLE STATEMENT
Title Musculoskeletal Medicine/
Statement of responsibility, etc. edited by Joseph Bernstein
260 ## - PUBLICATION, DISTRIBUTION, ETC.
Place of publication, distribution, etc. Rosemont III:
Name of publisher, distributor, etc. American academy of Orthopaedic Surgeons,
Date of publication, distribution, etc. 2003
300 ## - PHYSICAL DESCRIPTION
Extent xxiv, 490p.:
Other physical details ill.
500 ## - GENERAL NOTE
General note Includes CD-ROM
504 ## - BIBLIOGRAPHY, ETC. NOTE
Bibliography, etc. note Includes bibliographical references and Index
650 ## - SUBJECT ADDED ENTRY--TOPICAL TERM
Topical term or geographic name entry element Musculoskeletal System - Diseases
650 ## - SUBJECT ADDED ENTRY--TOPICAL TERM
Topical term or geographic name entry element Musculoskeletal System - Examination
700 ## - ADDED ENTRY--PERSONAL NAME
Personal name Bernstein, Joseph

No items available.

© 2026 - The University of Zambia Library - Koha v25.11